[Event "Dortmund Sparkassen op-B"]
[Site "Dortmund"]
[Date "2012.07.14"]
[Round "1"]
[White "Sherif, Amina"]
[Black "Dolgopolyj, Vladimir"]
[Result "0-1"]
[WhiteElo "1597"]
[BlackElo "1852"]
[PlyCount "68"]
[EventDate "2012.07.14"]
[EventType "swiss"]
[EventRounds "9"]
[EventCountry "GER"]
[SourceTitle "EXT 2014"]
[Source "ChessBase"]
[SourceDate "2013.11.20"]
[SourceVersion "1"]
[SourceVersionDate "2013.11.20"]
[SourceQuality "1"]

1. e4 Nf6 2. e5 Nd5 3. d4 d6 4. c4 Nb6 5. exd6 exd6 6. Nc3 Be7 7. Nf3 0-0 8. Be2 Nc6 9. 0-0 Bg4 10. b3 Bf6 11. Be3 Re8 12. Rc1 a5 13. a3 a4 14. d5 Na5 15. Bxb6 cxb6 16. Nxa4 Nxb3 17. Qxb3 Rxe2 18. Nc3 Bxf3 19. Nxe2 Bxe2 20. Rfe1 Bg4 21. Re4 Bf5 22. Re2 g6 23. Rce1 Bd7 24. Re4 Bf5 25. R4e2 Kg7 26. Qb4 Bd4 27. Qb3 Bc5 28. a4 Bd7 29. Re7 Bd4 30. R7e4 Qf6 31. Qg3 Be5 32. Qe3 Bf5 33. Qxb6 Bxe4 34. Qxb7 Rxa4 0-1

[Event "Dortmund Sparkassen op-B"]
[Site "Dortmund"]
[Date "2011.07.28"]
[Round "6"]
[White "Dolgopolyj, Vladimir"]
[Black "Ziabari, Morteza"]
[Result "1-0"]
[WhiteElo "2052"]
[BlackElo "1923"]
[PlyCount "107"]
[EventDate "2011.07.23"]
[EventType "swiss"]
[EventRounds "9"]
[EventCountry "GER"]
[SourceTitle "EXT 2013"]
[Source "ChessBase"]
[SourceDate "2012.11.22"]
[SourceVersion "1"]
[SourceVersionDate "2012.11.22"]
[SourceQuality "1"]

1. e4 d6 2. d4 Nf6 3. Nc3 c6 4. f4 Bg4 5. Nf3 Qa5 6. h3 Bxf3 7. Qxf3 e5 8. Be3 d5 9. Bd3 Bb4 10. 0-0 Bxc3 11. bxc3 dxe4 12. Bxe4 Nxe4 13. Qxe4 0-0 14. fxe5 Qxc3 15. Rab1 b5 16. e6 Na6 17. Rxf7 Rxf7 18. exf7+ Kxf7 19. Rf1+ Kg8 20. Qe6+ Kh8 21. Qe7 Qc4 22. Qb7 Re8 23. Qxa6 Qc3 24. Bf2 Qxc2 25. Qxa7 h6 26. Qf7 Ra8 27. Bg3 Rxa2 28. Qf8+ Kh7 29. Qf5+ Qxf5 30. Rxf5 b4 31. Rf1 b3 32. Rb1 b2 33. Kh2 Ra4 34. Rxb2 Rxd4 35. Rc2 g5 36. Rxc6 Rd5 37. Be1 h5 38. Bf2 Rf5 39. Kg1 Rb5 40. Be3 Rb1+ 41. Kh2 g4 42. Rh6+ Kg7 43. Rxh5 gxh3 44. Rxh3 Kg6 45. Kg3 Rf1 46. Rh4 Kg7 47. Rg4+ Kh7 48. Kh4 Rh1+ 49. Kg5 Rf1 50. Rh4+ Kg8 51. Bd4 Rd1 52. Bf6 Rd3 53. g4 Rg3 54. Kg6 1-0

[Event "Dortmund Sparkassen op-B"]
[Site "Dortmund"]
[Date "2011.07.27"]
[Round "5"]
[White "Terhuven, Patrick"]
[Black "Dolgopolyj, Vladimir"]
[Result "0-1"]
[WhiteElo "1540"]
[BlackElo "2052"]
[PlyCount "40"]
[EventDate "2011.07.23"]
[EventType "swiss"]
[EventRounds "9"]
[EventCountry "GER"]
[SourceTitle "EXT 2013"]
[Source "ChessBase"]
[SourceDate "2012.11.22"]
[SourceVersion "1"]
[SourceVersionDate "2012.11.22"]
[SourceQuality "1"]

1. e4 Nf6 2. e5 Nd5 3. d4 d6 4. c4 Nb6 5. exd6 exd6 6. Nc3 Be7 7. Bd3 0-0 8. Nge2 Nc6 9. Be3 Bf6 10. b3 Bg4 11. Qd2 Nb4 12. Bb1 g6 13. Ne4 c5 14. Nxf6+ Qxf6 15. Be4 Bxe2 16. Kxe2 Rfe8 17. dxc5 dxc5 18. Bxb7 Rad8 19. Qc2 Nd3 20. Qb1 Qxf2+ 0-1

[Event "Dortmund op-B"]
[Site "Dortmund"]
[Date "2009.07.10"]
[Round "7"]
[White "Kahleys, Kevin"]
[Black "Dolgopolyj, Vladimir"]
[Result "1-0"]
[WhiteElo "1986"]
[BlackElo "2046"]
[PlyCount "121"]
[EventDate "2009.07.04"]
[EventType "swiss"]
[EventRounds "9"]
[EventCountry "GER"]
[SourceTitle "EXT 2012"]
[Source "ChessBase"]
[SourceDate "2011.11.24"]
[SourceVersion "1"]
[SourceVersionDate "2011.11.24"]
[SourceQuality "1"]

1. Nf3 Nf6 2. d4 g6 3. g3 Bg7 4. Bg2 0-0 5. 0-0 d6 6. c4 Nbd7 7. Nc3 e5 8. e4 c6 9. h3 Qc7 10. Be3 h6 11. Qd2 Kh7 12. Nh4 a6 13. Rac1 Qa5 14. f4 Nh5 15. Kh2 exf4 16. gxf4 Qd8 17. Nf3 b5 18. cxb5 axb5 19. b3 Ndf6 20. e5 Ne8 21. d5 b4 22. Na4 dxe5 23. Nxe5 Qh4 24. Qf2 Qxf2 25. Rxf2 cxd5 26. Nb6 Bb7 27. Nxa8 Bxa8 28. Rc8 Bb7 29. Rb8 Nd6 30. Rxf8 Bxf8 31. Nd3 Ne4 32. Rc2 Bd6 33. Bf3 Nhg3 34. Kg1 Nf5 35. Bb6 Ba6 36. Bxe4 dxe4 37. Nc5 Nd4 38. Rb2 Bd3 39. Nxd3 Nf3+ 40. Kf2 Nh4 41. Bc5 Bc7 42. Nxb4 Bxf4 43. Nd5 Be5 44. Re2 f5 45. b4 Nf3 46. a4 Nd4 47. Bxd4 Bxd4+ 48. Kg2 Kg7 49. a5 Kf7 50. a6 Ke6 51. Nc7+ Ke5 52. Nb5 Bb6 53. a7 Bxa7 54. Nxa7 f4 55. Rb2 f3+ 56. Kg3 h5 57. Nc6+ Kd5 58. Ne7+ Ke5 59. Nxg6+ Kf6 60. Nh4 Kg5 61. Nxf3+ 1-0

[Event "Dortmund Sparkassen op-B"]
[Site "Dortmund"]
[Date "2008.07.04"]
[Round "7"]
[White "Dolgopolyj, Vladimir"]
[Black "Ziperstein, Jakob"]
[Result "1/2-1/2"]
[WhiteElo "1880"]
[BlackElo "1782"]
[PlyCount "131"]
[EventDate "2008.06.30"]
[EventType "swiss"]
[EventRounds "9"]
[EventCountry "GER"]
[SourceTitle "EXT 2022"]
[Source "ChessBase"]
[SourceDate "2021.10.06"]
[SourceVersion "1"]
[SourceVersionDate "2021.10.06"]
[SourceQuality "1"]

1. e4 g6 2. d4 Bg7 3. f4 d6 4. Bc4 Nf6 5. Nc3 a6 6. e5 Ng8 7. a4 e6 8. Nf3 d5 9. Bd3 b6 10. a5 c5 11. axb6 c4 12. Be2 Qxb6 13. Na4 Qc7 14. 0-0 Ne7 15. Bd2 Nf5 16. g4 Ne7 17. Bb4 Bf8 18. Bd6 Qc6 19. b4 Bb7 20. Qe1 Nd7 21. Qh4 Ng8 22. Bc5 a5 23. Qe1 axb4 24. Qxb4 Nxc5 25. dxc5 Rxa4 26. Qxa4 Bxc5+ 27. Kg2 Ne7 28. Rfb1 0-0 29. Qxc6 Bxc6 30. c3 h5 31. h3 Be3 32. Kg3 Kg7 33. Ra6 Rc8 34. Nd4 h4+ 35. Kf3 Bxd4 36. cxd4 Be8 37. Ke3 Ng8 38. Kd2 Ne7 39. Kc3 g5 40. Rb7 Kf8 41. f5 exf5 42. gxf5 Bc6 43. Rbb6 Bd7 44. e6 fxe6 45. fxe6 Be8 46. Ra1 Bg6 47. Bg4 Rc7 48. Ra5 Kg7 49. Bf3 Kf6 50. Bxd5 Bf5 51. Bh1 Bxh3 52. d5 Nc8 53. Rb2 Nd6 54. Rf2+ Bf5 55. Ra1 Ke7 56. Rg1 g4 57. Rxf5 Nxf5 58. Rxg4 Nd6 59. Rxh4 Nb5+ 60. Kb4 c3 61. Be4 Nd6 62. Rh7+ Kd8 63. Rxc7 Kxc7 64. Kxc3 Kd8 65. Kd4 Ke7 66. Ke5 1/2-1/2

[Event "Unna op"]
[Site "Unna"]
[Date "2007.12.28"]
[Round "3"]
[White "Dolgopolyj, Vladimir"]
[Black "Savchenko, Aleksij"]
[Result "0-1"]
[WhiteElo "2058"]
[BlackElo "2183"]
[PlyCount "96"]
[EventDate "2007.12.27"]
[EventType "swiss"]
[EventRounds "7"]
[EventCountry "GER"]
[SourceTitle "CBM 122 Extra"]
[Source "ChessBase"]
[SourceDate "2008.03.04"]
[SourceVersion "1"]
[SourceVersionDate "2008.03.04"]
[SourceQuality "1"]

1. e4 c5 2. Nf3 d6 3. d4 cxd4 4. Nxd4 Nf6 5. Nc3 a6 6. Be2 e6 7. 0-0 Qc7 8. Be3 b5 9. a3 Bb7 10. f3 Nbd7 11. Qe1 Be7 12. g4 h6 13. Qg3 Nb6 14. Rad1 Nfd7 15. g5 hxg5 16. Bxb5 axb5 17. Ndxb5 Qb8 18. Bxg5 Nc4 19. Bc1 Ba6 20. a4 Qb6+ 21. Kh1 g6 22. b3 Ne3 23. Bxe3 Qxe3 24. Rfe1 Qc5 25. Rd2 Ne5 26. Red1 0-0-0 27. Rd4 Bxb5 28. Nxb5 Qxc2 29. f4 Nc6 30. R4d2 Qxe4+ 31. Qg2 Qxg2+ 32. Kxg2 d5 33. Rc2 Kb7 34. Rdc1 Rc8 35. Kg3 Bb4 36. Kg4 Kb6 37. Kg5 Ne7 38. Kf6 Rcf8 39. Nd4 Rh4 40. Rf2 Bd6 41. Ne2 Bb4 42. Nd4 Bd6 43. Nb5 Ng8+ 44. Kg7 Be7 45. Rc7 Rh7+ 46. Kxh7 Nf6+ 47. Kh6 Rh8+ 48. Kg5 Rh5# 0-1

[Event "Dortmund op-B"]
[Site "Dortmund"]
[Date "2007.06.29"]
[Round "7"]
[White "Schwarz, Ingo"]
[Black "Dolgopolyj, Vladimir"]
[Result "0-1"]
[WhiteElo "1875"]
[BlackElo "1816"]
[PlyCount "75"]
[EventDate "2007.06.22"]
[EventType "swiss"]
[EventRounds "9"]
[EventCountry "GER"]
[SourceTitle "EXT 2008"]
[Source "ChessBase"]
[SourceDate "2007.11.25"]
[SourceVersion "1"]
[SourceVersionDate "2007.11.25"]
[SourceQuality "1"]

1. e4 d6 2. Bc4 Nf6 3. Nc3 c6 4. Bb3 b5 5. d3 a5 6. a4 b4 7. Nce2 Nbd7 8. Nf3 g6 9. Ng5 d5 10. exd5 cxd5 11. Nf4 Nc5 12. c3 Bg7 13. d4 Nxb3 14. Qxb3 Rb8 15. Nd3 Ba6 16. Ne5 0-0 17. Nc6 Qc7 18. Nxb8 Rxb8 19. Bd2 h6 20. Nh3 Ne4 21. Bf4 e5 22. dxe5 Bxe5 23. Qxd5 Bxf4 24. Qxe4 Be5 25. f4 Bg7 26. Kf2 bxc3 27. bxc3 Rb2+ 28. Kg3 Qxc3+ 29. Qf3 Qb4 30. Qa8+ Kh7 31. Qxa6 Qc3+ 32. Kh4 Bf6+ 33. Ng5+ hxg5+ 34. fxg5 Bxg5+ 35. Kxg5 Rxg2+ 36. Kf4 Qd4+ 37. Kf3 Rf2+ 38. Kg3 0-1

[Event "Volme op-B"]
[Site "Schalksmuehle"]
[Date "2006.08.25"]
[Round "1"]
[White "Dolgopolyj, Vladimir"]
[Black "Rieger, Mario"]
[Result "1-0"]
[WhiteElo "1767"]
[BlackElo "1775"]
[PlyCount "59"]
[EventDate "2006.08.25"]
[EventType "tourn"]
[EventRounds "5"]
[EventCountry "GER"]
[SourceTitle "EXT 2008"]
[Source "ChessBase"]
[SourceDate "2007.11.25"]
[SourceVersion "1"]
[SourceVersionDate "2007.11.25"]
[SourceQuality "1"]

1. e4 c6 2. d4 d5 3. e5 Bf5 4. g4 Be4 5. f3 Bg6 6. h4 h6 7. h5 Bh7 8. Bd3 Bxd3 9. Qxd3 e6 10. Nc3 Be7 11. Be3 Bh4+ 12. Kd2 Nd7 13. Rf1 c5 14. f4 c4 15. Qe2 Be7 16. f5 exf5 17. gxf5 Bg5 18. Nh3 Bxe3+ 19. Qxe3 Ne7 20. f6 Ng8 21. fxg7 Rh7 22. Rhg1 Qe7 23. Nxd5 Qd8 24. Qe4 Qa5+ 25. Nc3 0-0-0 26. Kc1 b5 27. Qa8+ Nb8 28. Rxf7 Qb6 29. Nd5 Qc6 30. Rc7+ 1-0

[Event "Bad Ems Seniors op 3rd"]
[Site "Bad Ems"]
[Date "2006.03.08"]
[Round "6"]
[White "Dolgopolyj, Vladimir"]
[Black "Riegler, Markus"]
[Result "1-0"]
[WhiteElo "1798"]
[BlackElo "1701"]
[PlyCount "63"]
[EventDate "2006.03.04"]
[EventType "swiss"]
[EventRounds "9"]
[EventCountry "GER"]
[SourceTitle "EXT 2007"]
[Source "ChessBase"]
[SourceDate "2006.11.23"]
[SourceVersion "1"]
[SourceVersionDate "2006.11.23"]
[SourceQuality "1"]

1. e4 e6 2. d4 d5 3. Nd2 dxe4 4. Nxe4 Nf6 5. Bd3 Nc6 6. Nf3 h6 7. c3 Bd7 8. 0-0 Nxe4 9. Bxe4 Qf6 10. b4 a6 11. Re1 Nd8 12. Ne5 c6 13. Re3 Bd6 14. Bc2 Qe7 15. Rg3 Bxe5 16. dxe5 g5 17. Be3 b6 18. Bxb6 Nb7 19. Qd2 a5 20. a4 axb4 21. cxb4 Rc8 22. a5 0-0 23. Rd1 Be8 24. a6 f5 25. exf6 Rxf6 26. axb7 Qxb7 27. Bd4 Rd8 28. Qc3 e5 29. Bxe5 Rxd1+ 30. Bxd1 Rf5 31. Bc2 Rf8 32. Bd6 1-0

[Event "NRW-ch Seniors 16th"]
[Site "Hattingen"]
[Date "2005.05.26"]
[Round "6"]
[White "Dolgopolyj, Vladimir"]
[Black "Szymaniak, Horst"]
[Result "1/2-1/2"]
[WhiteElo "1816"]
[BlackElo "1959"]
[PlyCount "138"]
[EventDate "2005.05.21"]
[EventType "swiss"]
[EventRounds "9"]
[EventCountry "GER"]
[SourceTitle "EXT 2007"]
[Source "ChessBase"]
[SourceDate "2006.11.23"]
[SourceVersion "1"]
[SourceVersionDate "2006.11.23"]
[SourceQuality "1"]

1. e4 c5 2. Nf3 Nc6 3. d4 cxd4 4. Nxd4 e5 5. Nb5 a6 6. Nd6+ Bxd6 7. Qxd6 Qf6 8. Qa3 Qg6 9. Be3 Qxe4 10. Nc3 Qb4 11. Qxb4 Nxb4 12. 0-0-0 Ne7 13. Bc5 Nbc6 14. Nd5 Nxd5 15. Rxd5 b5 16. Be2 f6 17. Rhd1 Rb8 18. Bg4 Rb7 19. b4 Ne7 20. R5d2 d5 21. Bxc8 Nxc8 22. Rxd5 Kf7 23. Rd7+ Rxd7 24. Rxd7+ Kg6 25. Kd2 Re8 26. c4 Re6 27. cxb5 axb5 28. Kc3 Nb6 29. Rb7 Nd5+ 30. Kb3 Ra6 31. Rxb5 Rxa2 32. Kxa2 Nc3+ 33. Kb3 Nxb5 34. Kc4 Na3+ 35. Kd5 Kf5 36. Kc6 Ke4 37. b5 Nc4 38. b6 Nxb6 39. Bxb6 Kd3 40. Kd5 Ke2 41. Ke4 Kf1 42. g3 Kg2 43. h4 g6 44. Be3 Kh3 45. Bh6 Kg2 46. Ke3 f5 47. Bg5 Kh3 48. Kf3 e4+ 49. Ke2 Kg4 50. Bf4 Kh5 51. f3 exf3+ 52. Kxf3 h6 53. Bd6 g5 54. Be7 Kg6 55. Ke3 Kh5 56. hxg5 hxg5 57. Bd6 Kg4 58. Bc7 f4+ 59. Bxf4 gxf4+ 60. gxf4 Kf5 61. Kf3 Kf6 62. Ke4 Ke6 63. f5+ Kf6 64. Kf4 Kf7 65. Ke5 Ke7 66. f6+ Kf7 67. Kf5 Kf8 68. Ke6 Ke8 69. f7+ Kf8 1/2-1/2

[Event "Halver-ch"]
[Site "Halver"]
[Date "2005.02.25"]
[Round "4"]
[White "Kaemper, Ralph"]
[Black "Dolgopolyj, Vladimir"]
[Result "0-1"]
[WhiteElo "1864"]
[BlackElo "1760"]
[PlyCount "90"]
[EventDate "2005.01.21"]
[EventType "swiss"]
[EventRounds "9"]
[EventCountry "GER"]
[SourceTitle "EXT 2007"]
[Source "ChessBase"]
[SourceDate "2006.11.23"]
[SourceVersion "1"]
[SourceVersionDate "2006.11.23"]
[SourceQuality "1"]

1. d4 Nf6 2. Nf3 g6 3. e3 Bg7 4. c3 d6 5. Bd3 Nbd7 6. Qc2 e5 7. 0-0 0-0 8. Nbd2 c6 9. b3 Nh5 10. Ba3 Qc7 11. dxe5 Nxe5 12. Nxe5 Bxe5 13. Be2 Ng7 14. f4 Bf6 15. Ne4 Be7 16. Ng3 d5 17. Bc1 f5 18. c4 Bf6 19. Rb1 Be6 20. cxd5 Bxd5 21. Bc4 Qf7 22. e4 Bxc4 23. Qxc4 Qxc4 24. bxc4 Bd4+ 25. Kh1 fxe4 26. Rxb7 e3 27. Ne2 c5 28. g4 Rf7 29. Rxf7 Kxf7 30. Rd1 Re8 31. Kg2 Ne6 32. Kf3 g5 33. f5 Nf4 34. h4 Nxe2 35. Kxe2 Kf6 36. Rh1 Re7 37. Kf3 gxh4 38. Rh2 Kg5 39. Re2 h5 40. gxh5 Kxh5 41. Kf4 h3 42. Kg3 Kg5 43. Kxh3 Kxf5 44. Kg2 Ke4 45. Re1 Rf7 0-1

[Event "Bad Ems Seniors 2nd"]
[Site "Bad Ems"]
[Date "2005.02.14"]
[Round "3"]
[White "Van Houten, Henk"]
[Black "Dolgopolyj, Vladimir"]
[Result "0-1"]
[WhiteElo "1546"]
[BlackElo "1780"]
[PlyCount "92"]
[EventDate "2005.02.12"]
[EventType "swiss"]
[EventRounds "9"]
[EventCountry "GER"]
[SourceTitle "EXT 2006"]
[Source "ChessBase"]
[SourceDate "2005.11.24"]
[SourceVersion "1"]
[SourceVersionDate "2005.11.24"]
[SourceQuality "1"]

1. e4 d6 2. c4 Nf6 3. d3 g6 4. h3 Bg7 5. Nc3 c6 6. Be3 e5 7. g4 Na6 8. Nge2 Be6 9. Bg2 Nc7 10. Ng3 b5 11. Qe2 Nd7 12. h4 Nf6 13. f3 h5 14. g5 Nd7 15. Bh3 Bxh3 16. Rxh3 Nc5 17. b4 N5e6 18. Qd2 a5 19. bxa5 Nf4 20. Rh1 b4 21. Nce2 Rxa5 22. Rb1 Ng2+ 23. Kf2 Nxe3 24. Kxe3 Na6 25. Nc1 Qb6+ 26. Ke2 0-0 27. Nb3 Ra3 28. Rhc1 Ra8 29. Rc2 Qa7 30. Qe3 Qd7 31. Qf2 Nc5 32. Nc1 Ne6 33. Ke3 Qa7+ 34. Ke2 Nd4+ 35. Kd1 Qa4 36. Rbb2 Rc3 37. Nf1 Rxc2 38. Rxc2 Qxc2+ 39. Qxc2 Nxc2 40. Kxc2 f6 41. Kb3 c5 42. Ne3 Ra3+ 43. Kb2 fxg5 44. hxg5 h4 45. Ng4 h3 46. Nb3 Bf8 0-1

[Event "Bad Ems Seniors 2nd"]
[Site "Bad Ems"]
[Date "2005.02.13"]
[Round "2"]
[White "Dolgopolyj, Vladimir"]
[Black "Rotstein, Jefim"]
[Result "0-1"]
[WhiteElo "1780"]
[BlackElo "2339"]
[PlyCount "68"]
[EventDate "2005.02.12"]
[EventType "swiss"]
[EventRounds "9"]
[EventCountry "GER"]
[SourceTitle "EXT 2006"]
[Source "ChessBase"]
[SourceDate "2005.11.24"]
[SourceVersion "1"]
[SourceVersionDate "2005.11.24"]
[SourceQuality "1"]

1. e4 c5 2. Nf3 e6 3. d4 cxd4 4. Nxd4 Nf6 5. Nc3 d6 6. Be2 a6 7. a4 Be7 8. 0-0 0-0 9. Be3 Qc7 10. f4 Nc6 11. Nb3 b6 12. Bf3 Bb7 13. Qe1 Nb4 14. Qf2 Nd7 15. a5 b5 16. Rfd1 Rac8 17. Rd4 Nc6 18. Rd2 Nc5 19. Nxc5 dxc5 20. e5 Nb4 21. Ne4 Nd5 22. Kh1 Rfd8 23. Re2 Rd7 24. Bd2 Rcd8 25. Qg3 c4 26. f5 exf5 27. Bh6 g6 28. Ng5 Nb4 29. Rae1 Bxf3 30. Qxf3 Rd1 31. e6 f6 32. Nf7 Nxc2 33. Nxd8 Nxe1 34. Qf1 Nf3 0-1

[Event "Unna op"]
[Site "Unna"]
[Date "2004.12.27"]
[Round "1"]
[White "Stoyanov, Petar"]
[Black "Dolgopolyj, Vladimir"]
[Result "1-0"]
[WhiteElo "2290"]
[BlackElo "1763"]
[PlyCount "63"]
[EventDate "2004.12.27"]
[EventType "swiss"]
[EventRounds "7"]
[EventCountry "GER"]
[SourceTitle "CBM 104 Extra"]
[Source "ChessBase"]
[SourceDate "2005.03.01"]
[SourceVersion "1"]
[SourceVersionDate "2005.03.01"]
[SourceQuality "1"]

1. d4 Nf6 2. Nf3 g6 3. c4 Bg7 4. g3 d6 5. Bg2 0-0 6. 0-0 Nbd7 7. Nc3 e5 8. e4 exd4 9. Nxd4 Ne5 10. b3 c6 11. h3 Ne8 12. Be3 f5 13. f4 Nf7 14. exf5 gxf5 15. Qc2 Qf6 16. Kh2 Nc7 17. Rad1 Be6 18. Nxe6 Nxe6 19. Ne2 Rfd8 20. Rfe1 Rd7 21. b4 a6 22. Nd4 Nxd4 23. Bxd4 Qg6 24. Bxg7 Kxg7 25. Re3 Rad8 26. Rde1 d5 27. Re6 Qh5 28. cxd5 cxd5 29. Qf2 Nd6 30. Qd4+ Kg8 31. Bxd5 Rf7 32. Rxd6 1-0